000 00449nam a22001817a 4500
003 MPLRDC
005 20220104173802.0
008 210129b ||||| |||| 00| 0 eng d
020 _a1-86309-066-5
082 _a859.61 CHRI
100 _aPAULMICHAEL CHRISTISON
245 _aREVENGE OF THE REVENANT
_c
250 _a初版
260 _a
_bTHE BOOK COMPANY
_c1994
300 _b
650 _aCHILDREN LITERATURE
942 _cBK
_o859.61 CHRI
999 _c59571
_d59561